Csád biztonsági helyzete
| Szerző: | |
|---|---|
| További közreműködők: | |
| Dokumentumtípus: | Diplomadolgozat |
| Kulcsszavak: | biztonság migráció nemzetközi jelenlét regionális biztonsági komplexum Száhel-öv |
| Online Access: | http://dolgozattar.uni-bge.hu/59081 |
MARC
| LEADER | 00000nta a2200000 i 4500 | ||
|---|---|---|---|
| 001 | dolg59081 | ||
| 005 | 20251027142927.0 | ||
| 008 | 251027suuuu hu om 000 hun d | ||
| 040 | |a BGE Dolgozattár Repozitórium |b hun | ||
| 041 | |a hu | ||
| 100 | 1 | |a Takács Bence | |
| 245 | 1 | 0 | |a Csád biztonsági helyzete |c Takács Bence |h [elektronikus dokumentum] |
| 520 | 3 | |a Szakdolgozatomban a Barry Buzan által megalkotott regionális biztonsági komplexumok elmélete mentén elemzem Csád helyzetét és azokat a belső és külső folyamatokat, amelyek befolyásolják az ország működését. A külső folyamatok minden olyan interakciót tartalmaznak, amely a térségen belüli országok között zajlik, illetve ehhez hozzátartozik a különböző regionális és globális hatalmak befolyása a régióban. Fontos megjegyezni, hogy külső hatás lehet egy adott politikai lépés vagy konfliktus következménye is. A régió esetében például a növekvő illegális tevékenység vagy a migráció jelentős szervező erő. A kutatásom eredményeként kijelenthető, hogy Csád és környéke a biztonsági folyamatok alapján tekinthető egy új regionális biztonsági alkomplexumnak. | |
| 695 | |a biztonság | ||
| 695 | |a migráció | ||
| 695 | |a nemzetközi jelenlét | ||
| 695 | |a regionális biztonsági komplexum | ||
| 695 | |a Száhel-öv | ||
| 700 | 1 | |a Marsai Viktor |e ths | |
| 700 | 1 | |a Nagy Dr. Milada |e ths | |
| 856 | 4 | 0 | |u http://dolgozattar.uni-bge.hu/59081/1/Tak%C3%A1cs_Bence_SZAKDOLGOZAT_2025.pdf |z Dokumentum-elérés |
| 856 | 4 | 0 | |u http://dolgozattar.uni-bge.hu/59081/2/Konzulensi%20v%C3%A9lem%C3%A9ny%20Tak%C3%A1cs%20Bence.pdf |z Dokumentum-elérés |
| 856 | 4 | 0 | |u http://dolgozattar.uni-bge.hu/59081/3/B%C3%ADr%C3%A1lat%20-%20Tak%C3%A1cs%20Bence.pdf |z Dokumentum-elérés |